[Event "North Sydney Ford Memorial"]
[Site "Sydney"]
[Date "2006.10.10"]
[Round "6"]
[White "Creek, Peter"]
[Black "Apcar, Fred"]
[Result "0-1"]
[WhiteElo "1583"]
[BlackElo "1712"]
[PlyCount "148"]
[EventDate "2006.08.15"]
[EventType "swiss"]
[EventRounds "9"]
[EventCountry "AUS"]
[SourceTitle "EXT 2010"]
[Source "ChessBase"]
[SourceDate "2010.11.25"]
[SourceVersion "1"]
[SourceVersionDate "2010.11.25"]
[SourceQuality "1"]

1. e4 c5 2. Nc3 Nc6 3. Nf3 d6 4. Bb5 Bd7 5. 0-0 Nf6 6. d3 e6 7. Re1 Be7 8. Be3 0-0 9. Bxc6 Bxc6 10. Bg5 e5 11. Ne2 Nd7 12. Bxe7 Qxe7 13. Ng3 Nf6 14. Nf5 Qd8 15. h3 Ne8 16. N3h4 g6 17. Qg4 Kh8 18. Nh6 Bd7 19. Qg3 Ng7 20. Nf3 Nh5 21. Qh4 Qxh4 22. Nxh4 Kg7 23. Ng4 h6 24. Ne3 Be6 25. Nf3 f5 26. Nd2 f4 27. Nec4 Rad8 28. f3 g5 29. a4 b6 30. Na3 a6 31. Nac4 b5 32. Nb6 Rb8 33. a5 Kf7 34. b3 Nf6 35. Kf2 h5 36. Rh1 Rg8 37. c4 b4 38. Nd5 Nd7 39. Nc7 Rb7 40. Nxe6 Kxe6 41. Rhg1 Nb8 42. Rh1 Nc6 43. Rhg1 Nd4 44. Rac1 Rbg7 45. Rh1 Kf6 46. Rh2 Rh8 47. Rhh1 Rgh7 48. Rhe1 g4 49. h4 gxf3 50. gxf3 Rg7 51. Rg1 Rhg8 52. Rxg7 Rxg7 53. Rg1 Rxg1 54. Kxg1 Nc6 55. Kf2 Nxa5 56. Ke2 Nc6 57. Kf2 Ke6 58. Ke2 Kd7 59. Kf2 a5 60. Ke2 Kc7 61. Kf2 Kb6 62. Ke2 a4 63. bxa4 Ka5 64. Kd1 Kxa4 65. Kc1 Ka3 66. Kb1 Ne7 67. Kc2 Ng6 68. Kb1 Nxh4 69. Ka1 Ng2 70. Nb1+ Kb3 71. Nd2+ Kc3 72. Nf1 Kc2 73. d4 b3 74. dxe5 b2+ 0-1